Statistics for 2010 FIFA World Cup Results

Click here to take the quiz!

General Stats

  • This quiz has been taken 227 times
    (182 since last reset)
  • The average score is 27 of 32

Answer Stats

Nation % Correct
Spain
99%
Brazil
97%
Uruguay
96%
Netherlands
96%
Germany
96%
Portugal
94%
South Africa
93%
France
93%
Argentina
93%
England
92%
Italy
92%
Japan
92%
Australia
89%
Chile
86%
Ghana
86%
United States
86%
South Korea
85%
Mexico
85%
Switzerland
82%
Ivory Coast
79%
Nigeria
78%
Paraguay
78%
Cameroon
78%
New Zealand
75%
Serbia
75%
Denmark
75%
Greece
74%
North Korea
72%
Slovakia
72%
Slovenia
72%
Honduras
71%
Algeria
69%

Score Distribution

Percentile by Number Answered

Percent of People with Each Score

Your Score History

You have not taken this quiz since the last reset